Quiz sur l'Orne - Statistiques

Statistiques générales
  • Ce quiz a été pris 367 fois
  • Le résultat moyen est 15 sur 20
Statistiques - réponses
Question Réponse % Correct
Numéro de département 61
99%
Région Normandie
98%
Préfecture et plus grande ville Alençon
94%
Départements limitrophes Calvados
93%
Manche
89%
Eure
87%
Sarthe
80%
Mayenne
79%
Gentilé Ornais
77%
Rappeur français né dans le département. Orelsan
76%
Sous-préfectures Argentan
75%
Village du département qui a donné son nom à un produit emblématique de la gastronomie normande et française. Camembert
72%
Une partie du nord de l'Orne est appelée la ... normande pour son relief. Suisse
71%
Seule station thermale du département ou voitures en argot. Bagnoles-de-l'Orne
70%
Eure-et-Loir
70%
Mortagne-au-Perche
52%
Parc naturel régional s'étendant à l'est du département. Parc naturel régional du Perche
51%
Artisanat de la préfecture inscrit au patrimoine culturel immatériel de l'humanité. La dentelle
45%
Cet animal est au cœur du site le plus visité de l'Orne. Le cheval
45%
Nombre d'habitants (arrondi à la dizaine de milliers d'habitants) 280 000 (283 372)
33%
Aucun quiz correspondant
Distribution des résultats
% des personnes avec chaque résultat
Percentile par nombre de réponses
Votre historique - résultats
Vous n’avez pas pris ce quiz